<?xml version="1.0" encoding="UTF-8"?>
<record
    xmlns:xsi="http://www.w3.org/2001/XMLSchema-instance"
    xsi:schemaLocation="http://www.loc.gov/MARC21/slim http://www.loc.gov/standards/marcxml/schema/MARC21slim.xsd"
    xmlns="http://www.loc.gov/MARC21/slim">

  <leader>01771nam a22002297a 4500</leader>
  <controlfield tag="003">IT-MiCISF</controlfield>
  <controlfield tag="005">20241217115405.0</controlfield>
  <controlfield tag="008">241217b        |||||||| |||| 00| 0 eng d</controlfield>
  <datafield tag="020" ind1=" " ind2=" ">
    <subfield code="a">9788874669660</subfield>
  </datafield>
  <datafield tag="040" ind1=" " ind2=" ">
    <subfield code="c">IT-MiCISF</subfield>
  </datafield>
  <datafield tag="041" ind1=" " ind2=" ">
    <subfield code="a">it</subfield>
  </datafield>
  <datafield tag="100" ind1=" " ind2=" ">
    <subfield code="a">Costa Giuliana, Minora Francesco Andrea (a cura di)</subfield>
    <subfield code="9">61223</subfield>
  </datafield>
  <datafield tag="245" ind1=" " ind2=" ">
    <subfield code="a">Coabitazioni solidali.</subfield>
    <subfield code="b">Politiche, programmi e progetti</subfield>
  </datafield>
  <datafield tag="260" ind1=" " ind2=" ">
    <subfield code="a">Roma, </subfield>
    <subfield code="b">Carocci, </subfield>
    <subfield code="c">2023</subfield>
  </datafield>
  <datafield tag="300" ind1=" " ind2=" ">
    <subfield code="a">pp. 206</subfield>
  </datafield>
  <datafield tag="500" ind1=" " ind2=" ">
    <subfield code="a">societ&#xE0;, abitazione, handicap, salute-mentale,  politiche-sociali, solidariet&#xE0;, rapporti-intergenerazionali, volontariato, famiglia-migranti, esperienze</subfield>
  </datafield>
  <datafield tag="520" ind1=" " ind2=" ">
    <subfield code="a">La coabitazione organizzata &#xE8; un importante elemento delle politiche sociali che prevedono una componente abitativa, cos&#xEC; come di progettazioni costruite per consentire a individui eterogenei di vivere insieme sotto lo stesso tetto con la regia di soggetti collettivi, siano essi associazioni, cooperative o fondazioni. Questa soluzione viene utilizzata in svariate aree di welfare e con obiettivi differenti, eppure si tratta di un tema ancora poco studiato, sia in ambito accademico sia tra gli operatori e i policy makers. In questo libro se ne discutono i fondamenti teorici, se ne illustrano progetti innovativi e gi&#xE0; consolidati in atto nel nostro paese e si chiariscono termini e definizioni con cui ci si riferisce alle molteplici forme di abitare a contenuto solidaristico.</subfield>
  </datafield>
  <datafield tag="650" ind1=" " ind2=" ">
    <subfield code="a">Societ&#xE0;</subfield>
  </datafield>
  <datafield tag="654" ind1=" " ind2=" ">
    <subfield code="a">saggio</subfield>
  </datafield>
  <datafield tag="700" ind1=" " ind2=" ">
    <subfield code="a">Lodi Rizzini C., Casotti C., Bodda G., Zanolini S., Velame Z.L., SpanevelloM., </subfield>
    <subfield code="a">Ammendola R., Bergamasco M., Zullo F., Dal Monte K., Vita Finzi M.C:, </subfield>
    <subfield code="a">Galli S., Bassoli M., Shkopi E., Marconi G., Sarzi Sartori S., Danesi G., </subfield>
    <subfield code="a">Baldascino M., Gargiulo M.</subfield>
    <subfield code="9">61224</subfield>
  </datafield>
  <datafield tag="942" ind1=" " ind2=" ">
    <subfield code="2">ddc</subfield>
    <subfield code="c">BK</subfield>
  </datafield>
  <datafield tag="999" ind1=" " ind2=" ">
    <subfield code="c">360279</subfield>
    <subfield code="d">360279</subfield>
  </datafield>
  <datafield tag="952" ind1=" " ind2=" ">
    <subfield code="0">0</subfield>
    <subfield code="1">0</subfield>
    <subfield code="2">ddc</subfield>
    <subfield code="4">0</subfield>
    <subfield code="6">B_7854_000000000000000</subfield>
    <subfield code="7">1</subfield>
    <subfield code="a">CISF</subfield>
    <subfield code="b">CISF</subfield>
    <subfield code="d">2024-12-17</subfield>
    <subfield code="l">0</subfield>
    <subfield code="o">B7854</subfield>
    <subfield code="p">9788874669660</subfield>
    <subfield code="r">2024-12-17 11:54:34</subfield>
    <subfield code="w">2024-12-17</subfield>
    <subfield code="y">BK</subfield>
  </datafield>
</record>
